Sistemas de ficheros Linux : Edición Especial /
Guardado en:
| Autor Principal: | |
|---|---|
| Formato: | Libro |
| Idioma: | Undetermined |
| Publicado: |
Madrid :
Pearson Educación,
c2002.
|
| Edición: | 1 era. edición. |
| Etiquetas: |
Agregar Etiqueta
Sin Etiquetas, Sea el primero en etiquetar este registro!
|
| LEADER | 00586nam a22001695a 4500 | ||
|---|---|---|---|
| 001 | DCC.dcic001663 | ||
| 008 | 160427s2002####sp#a##########000#0#und#d | ||
| 005 | 20160427124001.0 | ||
| 245 | 1 | 0 | |a Sistemas de ficheros Linux : |b Edición Especial / |c William Von Hagen. |
| 250 | |a 1 era. edición. | ||
| 260 | |a Madrid : |b Pearson Educación, |c c2002. | ||
| 300 | |a xxiii,613 p. + |e 1 CD : |b il. ; |c 24 cm. | ||
| 500 | |a Traducido de LinuxFilesystems. Traductor: Manuel Campos Martínez. | ||
| 500 | |a Incluye índice. | ||
| 020 | |a 8420534781 | ||
| 100 | 1 | |a Von Hagen, William. | |
| 859 | |a DCIC |b BIB. COMPUTACION |p 1815 | ||
